000 00560nam a2200217Ia 4500
008 220216s9999 xx 000 0 und d
100 _aMathew S.[b]
245 0 _aNatural rubber latex based nanocomposites with layered silicates
260 _bJournal of Rubber Research
_c2005
300 _a15-Jan
650 _aBentonite
650 _aClay
650 _aLatex
650 _aLayered silicate
650 _aNanocomposite
650 _aNatural rubber
650 _aPrevulcanized latex
650 _aSulphur
700 _aVarghese S.
942 _cBS
999 _c52123
_d52123